Checkmate Office Politics/ (Record no. 178440)

MARC details
000 -LEADER
fixed length control field 00581nam a22001817a 4500
005 - DATE AND TIME OF LATEST TRANSACTION
control field 20210331111040.0
010 ## - LCCN (DPL NO)
LC control number ENG-129344
020 ## - INTERNATIONAL STANDARD BOOK NUMBER
International Standard Book Number 978-93-5388-492-5
Terms of availability 495.00
035 ## - SYSTEM CONTROL NUMBER
System control number EN-112876
037 ## - SOURCE OF ACQUISITION
Source of stock number/acquisition DBAD/PUB
082 ## - DEWEY DECIMAL CLASSIFICATION NUMBER
Classification number 650.13
100 ## - MAIN ENTRY--PERSONAL NAME
Personal name Dalal, Bhavna
245 ## - TITLE STATEMENT
Title Checkmate Office Politics/
Statement of responsibility, etc Bhavna Dalal
260 ## - PUBLICATION, DISTRIBUTION, ETC. (IMPRINT)
Place of publication, distribution, etc New Delhi
Name of publisher, distributor, etc Sage Publication India
Date of publication, distribution, etc 2020
270 ## - ADDRESS
Address B1/1-1 Mohan Cooperative Industrial Area Mathura Road
City New Delhi
Postal code 110044
300 ## - PHYSICAL DESCRIPTION
Extent x+240p.
Dimensions 22cm(pbk)
Other physical details Including illustrations.
942 ## - ADDED ENTRY ELEMENTS (KOHA)
Source of classification or shelving scheme Dewey Decimal Classification
Item type English Books
Classification part 650.13
Call number suffix DAL
Holdings
Withdrawn status Lost status Not for loan Collection code Home library Current library Date acquired Source of acquisition Cost, normal purchase price Full call number Barcode Copy number Cost, replacement price Koha item type
      Non-fiction Bawana Bawana 31/03/2021 DBAD/PUB 495.00 650.13 DAL EN-112876 1 495.00 English Books

© Delhi Public Library
Hit Counter
free hit counter